JR紀勢本線の駅 - Statistics

General Stats
  • This quiz has been taken 26 times
  • The average score is 49 of 97
Answer Stats
Hint Answer % Correct
JR西日本 和歌山市 和歌山
96%
JR西日本 海南市 海南
96%
JR西日本 田辺市 紀伊田辺
96%
JR西日本 新宮市 新宮
96%
JR東海 新宮市 新宮
96%
JR西日本 御坊市 御坊
92%
JR西日本 串本町 串本
92%
JR西日本 湯浅町 湯浅
88%
JR西日本 印南町 印南
88%
JR西日本 那智勝浦町 紀伊勝浦
88%
JR東海 尾鷲市 尾鷲
88%
JR東海 亀山市 亀山
88%
JR西日本 和歌山市 和歌山市
84%
JR西日本 有田市 箕島
84%
JR西日本 広川町 広川ビーチ
84%
JR西日本 由良町 紀伊由良
84%
JR西日本 白浜町 白浜
84%
JR西日本 すさみ町 周参見
84%
JR東海 松阪市 松阪
84%
JR東海 津市
84%
JR西日本 みなべ町 南部
80%
JR西日本 太地町 太地
80%
JR西日本 那智勝浦町 那智
80%
JR東海 熊野市 熊野市
80%
JR東海 多気町 多気
80%
JR西日本 和歌山市 紀三井寺
76%
JR西日本 和歌山市 紀和
72%
JR西日本 白浜町 紀伊富田
72%
JR西日本 有田川町 藤並
68%
JR西日本 海南市 冷水浦
64%
JR西日本 海南市 加茂郷
64%
JR西日本 白浜町 椿
64%
JR西日本 串本町 紀伊有田
64%
JR西日本 串本町 紀伊姫
60%
JR西日本 串本町 古座
60%
JR東海 紀北町 紀伊長島
60%
JR西日本 和歌山市 宮前
56%
JR西日本 海南市 黒江
56%
JR西日本 海南市 下津
56%
JR西日本 有田市 初島
56%
JR西日本 有田市 紀伊宮原
56%
JR西日本 日高町 紀伊内原
56%
JR西日本 御坊市 道成寺
56%
JR西日本 みなべ町 岩代
56%
JR東海 紀宝町 鵜殿
56%
JR西日本 日高川町 和佐
52%
JR西日本 印南町 稲原
52%
JR西日本 田辺市 紀伊新庄
52%
JR西日本 白浜町 紀伊日置
52%
JR西日本 すさみ町 見老津
52%
JR西日本 那智勝浦町 紀伊浦神
52%
JR西日本 印南町 切目
48%
JR西日本 田辺市 芳養
48%
JR西日本 上富田町 朝来
48%
JR西日本 すさみ町 江住
48%
JR西日本 那智勝浦町 湯川
48%
JR西日本 新宮市 紀伊佐野
48%
JR西日本 新宮市 三輪崎
48%
JR東海 津市 一身田
48%
JR西日本 串本町 和深
44%
JR西日本 串本町 田子
44%
JR西日本 串本町 田並
40%
JR西日本 串本町 紀伊田原
40%
JR西日本 那智勝浦町 紀伊天満
40%
JR西日本 那智勝浦町 下里
36%
JR西日本 那智勝浦町 宇久井
36%
JR東海 大台町 三瀬谷
36%
JR東海 松阪市 六軒
36%
JR東海 熊野市 新鹿
32%
JR東海 尾鷲市 九鬼
32%
JR東海 大紀町 大内山
28%
JR東海 熊野市 大泊
24%
JR東海 松阪市 徳和
24%
JR東海 津市 阿漕
24%
JR東海 紀宝町 紀伊井田
20%
JR東海 御浜町 紀伊市木
20%
JR東海 熊野市 波田須
20%
JR東海 紀北町 三野瀬
20%
JR東海 大紀町 梅ケ谷
20%
JR東海 大紀町 伊勢柏崎
20%
JR東海 大台町 栃原
20%
JR東海 多気町 佐奈
20%
JR東海 津市 高茶屋
20%
JR東海 御浜町 阿田和
16%
JR東海 熊野市 有井
16%
JR東海 尾鷲市 大曽根浦
16%
JR東海 大台町 滝原
16%
JR東海 多気町 相可
16%
JR東海 亀山市 下庄
16%
JR東海 大紀町 阿曽
12%
JR東海 御浜町 神志山
8%
JR東海 尾鷲市 三木里
8%
JR東海 紀北町 相賀
8%
JR東海 大台町 川添
8%
JR東海 熊野市 二木島
4%
JR東海 尾鷲市 賀田
4%
JR東海 紀北町 船津
4%
No matching quizzes found
Score Distribution
Percent of People with Each Score
Percentile by Number Answered
Your Score History
You have not taken this quiz